[Event "Khanty-Mansiysk FIDE GP"]
[Site "Khanty-Mansiysk"]
[Date "2015.05.26"]
[Round "11"]
[White "Svidler, Peter"]
[Black "Jobava, Baadur"]
[Result "1-0"]
[WhiteElo "2734"]
[BlackElo "2699"]
[Annotator "Pavlovic,M"]
[PlyCount "131"]
[EventDate "2015.05.14"]
[EventType "tourn"]
[EventRounds "11"]
[EventCountry "RUS"]
[EventCategory "21"]
[SourceTitle "CBM 167"]
[Source "ChessBase"]
[SourceDate "2015.07.13"]
[SourceVersion "1"]
[SourceVersionDate "2015.07.13"]
[SourceQuality "1"]

1. e4 {[%emt 0:00:02]} e6 {[%emt 0:00:16]} 2. d4 {[%emt 0:00:03]} d5 {[%emt 0:
00:06]} 3. Nc3 {[%emt 0:00:03]} dxe4 {[%emt 0:00:37]} 4. Nxe4 {[%emt 0:00:04]}
Bd7 {[%emt 0:00:04]} 5. Nf3 {[%emt 0:00:57]} Bc6 {[%emt 0:00:06] Jobava is
trying to avoid the heavily analysed lines and he is looking for less analysed
but interesting lines.} 6. Bd3 {[%emt 0:00:04]} Nd7 {[%emt 0:00:06]} 7. Qe2 {
[%emt 0:01:39]} Be7 {[%emt 0:08:43]} 8. Neg5 $5 {[%emt 0:14:16] An unusual
move at this moment.} Bxg5 {[%emt 0:18:02] Black could have played the logical
...h6, let us see...} (8... h6 9. Ne4 (9. Nxe6 fxe6 10. Bg6+ (10. Qxe6 Nf8 11.
Bg6+ Nxg6 12. Qxg6+ Kf8 13. Ne5 Be8 14. Qf5+ Nf6 {Black is ok}) 10... Kf8 11.
O-O Bd6 {looks specualtive for White}) 9... Ngf6 10. Nxf6+ Bxf6 11. c3 O-O 12.
Bf4 Re8 13. O-O-O {by provoking ...h6 White created a target so I guess this
was Svidler's idea. I will add an old game, that could have insipred Svidler
to play in this manner.} Bd5 14. h4 (14. Bc2 $5 c5 $1) 14... c5 15. g4 g5 $6 (
15... cxd4 $17) 16. hxg5 hxg5 17. Be5 (17. Bd6 $1 cxd4 18. Bh7+ Kg7 19. Qf1 $1
$18) 17... cxd4 $13 {0-1 (39) Westerinen,H (2450)-Nogueiras Santiago,J (2385)
Jurmala 1978}) 9. Nxg5 {[%emt 0:00:29]} h6 {[%emt 0:00:10]} 10. Nf3 {[%emt 0:
01:29]} Qf6 {[%emt 0:01:56]} 11. Ne5 {[%emt 0:10:21]} Nxe5 {[%emt 0:03:40]} 12.
Qxe5 {[%emt 0:11:42]} O-O-O {[%emt 0:00:45]} 13. Be3 {[%emt 0:00:10]} Qe7 {
[%emt 0:05:01] A rather optimistic approach.} (13... Qxe5 14. dxe5 Ne7 15. O-O
b6 16. Rfd1 {White has a slightly better endgame but Black is definitely very
solid and in my opinion this was the best way for Black to handle this game.})
14. O-O-O {[%emt 0:17:36]} Nf6 {[%emt 0:00:58]} 15. f3 {[%emt 0:00:31]} g5 {
[%emt 0:04:38]} 16. c4 {[%emt 0:02:58] This looks to me like a slight
advantage for White.} b6 {[%emt 0:04:54]} 17. Bd2 {[%emt 0:05:19]} Nh5 {
[%emt 0:02:34]} 18. d5 {[%emt 0:06:39]} f6 {[%emt 0:10:30]} 19. Qe2 {[%emt 0:
01:40]} Ba4 {[%emt 0:00:55]} 20. b3 {[%emt 0:01:32]} Bd7 {[%emt 0:03:39]} 21.
g4 {[%emt 0:14:06]} Ng7 {[%emt 0:01:33]} 22. Kb1 {[%emt 0:02:54]} h5 {[%emt 0:
01:25]} 23. h3 {[%emt 0:02:28]} Qf7 {[%emt 0:03:35]} 24. Bc3 {[%emt 0:01:08]}
Kb8 {[%emt 0:02:19]} 25. Be4 {[%emt 0:01:41] The white pressure has increased
and now it is much more pleasant to be White.} Bc8 {[%emt 0:05:45]} 26. Rhe1 {
[%emt 0:06:21]} hxg4 {[%emt 0:00:08]} 27. hxg4 {[%emt 0:00:04]} Bb7 {[%emt 0:
12:39]} 28. dxe6 {[%emt 0:04:38]} Bxe4+ {[%emt 0:00:08]} 29. Qxe4 {[%emt 0:00:
01]} Rxd1+ {[%emt 0:00:10]} 30. Rxd1 {[%emt 0:00:02]} Nxe6 {[%emt 0:00:30]} 31.
Qf5 {[%emt 0:00:14]} Rh6 {[%emt 0:08:08]} 32. Rd2 {[%emt 0:00:40]} Qg6 {
[%emt 0:07:21]} 33. Qxg6 {[%emt 0:00:31]} Rxg6 {[%emt 0:00:04] In this case
the endgame is hardly a substitute for having previously has a slightly
difficult middlegame for Black.} 34. Rd5 $1 {[%emt 0:00:25]} Rh6 {[%emt 0:04:
36]} 35. Rf5 {[%emt 0:00:16]} Rh1+ {[%emt 0:00:22]} 36. Kb2 {[%emt 0:00:08]}
Rh2+ {[%emt 0:00:04]} 37. Kb1 {[%emt 0:00:08]} Rh1+ {[%emt 0:00:14]} 38. Kb2 {
[%emt 0:02:57]} Rh2+ {[%emt 0:00:05]} 39. Ka3 {[%emt 0:02:06]} a5 {[%emt 0:00:
32]} 40. Rxf6 {[%emt 0:00:00]} Re2 {[%emt 0:00:00]} 41. Rf5 {[%emt 0:02:37] A
clear pawn up.} Rf2 {[%emt 0:01:13]} 42. Re5 $6 {[%emt 0:08:00]} (42. Rf7 Kc8
43. Re7 Rxf3 44. Be5 $1 {that's why not Re5 like in the game!} Nc5 45. Rxc7+
Kd8 46. Rg7 {White is close to winning this.}) 42... Nf4 $6 {[%emt 0:07:17]
Black missed a clear chance to secure a draw:} (42... Rxf3 $1 43. Rxe6 Rxc3 44.
Rg6 Rc2 45. Rxg5 Kb7 46. Rg6 Rg2 47. g5 Kc8 $1 48. Rg8+ Kb7 49. g6 Kc6 {
and White can't make progress here. It is a draw.}) 43. Rxg5 {[%emt 0:01:33]}
Rxf3 {[%emt 0:00:05]} 44. Kb2 {[%emt 0:23:27]} Nd3+ {[%emt 0:10:57]} 45. Kc2 {
[%emt 0:00:20]} Nb4+ {[%emt 0:01:00]} 46. Bxb4 {[%emt 0:00:17]} axb4 {[%emt 0:
00:06]} 47. Rf5 {[%emt 0:00:22]} Rg3 {[%emt 0:00:07]} 48. g5 {[%emt 0:00:03]}
Kc8 {[%emt 0:00:42]} 49. Kd2 {[%emt 0:02:18]} Kd7 {[%emt 0:00:08]} 50. Ke2 {
[%emt 0:00:09]} Ke6 {[%emt 0:00:42]} 51. Rb5 {[%emt 0:00:31]} Rg2+ {[%emt 0:05:
34]} 52. Kf3 {[%emt 0:00:40]} Rxa2 {[%emt 0:00:13]} 53. Rxb4 {[%emt 0:00:05]}
Ra1 $6 {[%emt 0:02:39]} (53... Rd2 $1 54. Rb5 Rd4 {definitely the last chance
to make a draw} 55. c5 bxc5 56. Rxc5 Rb4 57. Rxc7 Kf5 $1 58. Rc3 Kxg5 59. Ke3
Kf6 60. Kd3 Ke5 61. Kc2 Kd5 {draw.}) 54. Rb5 {[%emt 0:01:43]} Kf7 {[%emt 0:07:
22]} 55. Ke4 {[%emt 0:02:12]} Rd1 {[%emt 0:00:17]} 56. b4 {[%emt 0:02:25] Now
it is rather difficult for Black to hold.} Re1+ {[%emt 0:01:35]} 57. Kd5 {
[%emt 0:01:00]} Re6 {[%emt 0:00:05]} 58. Kd4 {[%emt 0:00:03]} Re1 {[%emt 0:02:
43]} 59. c5 {[%emt 0:06:53]} Rd1+ {[%emt 0:01:51]} 60. Ke4 {[%emt 0:00:00]}
Re1+ {[%emt 0:00:00]} 61. Kd5 {[%emt 0:00:56]} Re6 {[%emt 0:03:03]} 62. Kd4 {
[%emt 0:00:04]} Rg6 {[%emt 0:02:06]} 63. cxb6 {[%emt 0:00:22]} cxb6 {[%emt 0:
00:04]} 64. Re5 {[%emt 0:00:31]} Rc6 {[%emt 0:01:04]} 65. Kd5 {[%emt 0:00:16]}
Rc1 {[%emt 0:00:10]} 66. Kd6 (66. Ke4) 1-0

[Event "FRA-chT Top 16 GpB"]
[Site "France"]
[Date "2007.02.11"]
[Round "3.3"]
[White "Bacrot, Etienne"]
[Black "Pelletier, Yannick"]
[Result "1/2-1/2"]
[WhiteElo "2710"]
[BlackElo "2589"]
[Annotator "Pelletier,Y"]
[PlyCount "55"]
[EventDate "2007.02.09"]
[EventType "team"]
[EventRounds "11"]
[EventCountry "FRA"]
[SourceTitle "CBM 118"]
[Source "ChessBase"]
[SourceDate "2007.05.31"]
[SourceVersion "1"]
[SourceVersionDate "2007.05.31"]
[SourceQuality "1"]
[WhiteTeam "Paris Chess 15"]
[BlackTeam "Clichy"]
[WhiteTeamCountry "FRA"]
[BlackTeamCountry "FRA"]

1. e4 e6 2. d4 d5 3. Nc3 dxe4 4. Nxe4 Nd7 5. Nf3 Ngf6 6. Bg5 h6 7. Nxf6+ Nxf6
8. Bh4 c5 9. Bc4 a6 10. O-O Be7 11. a4 ({Am GM-Turnier in Biel 2004 hatte
Etienne gegen mich} 11. dxc5 {gespielt. Da er in diesem Endspiel keinen
Vorteil geholt hatte, versucht er es diesmal im Mittelspiel.}) 11... O-O 12.
Qe2 cxd4 13. Rad1 Qb6 14. Nxd4 Qxb2 {Diese Variante wird öfter ohne
Einschaltung der Züge a4-a6 gespielt. Etienne fand aber den kleinen Vorteil,
dass der Bauer a2 manchmal nicht hängt (siehe später).} 15. Nf5 (15. Rd3 Qb4 {
genügt nicht.}) 15... exf5 ({Die Alternativen scheitern:} 15... Bd8 16. Rb1 $1
(16. Nxh6+ gxh6 17. Rd3 Bc7) 16... Qa3 17. Rb3 Qc5 18. Nxh6+ gxh6 19. Rg3+ Kh8
20. Qd2) (15... Qb4 16. Rd4 exf5 17. Bxf6 $1 Qb6 $1 18. Qxe7 Qxf6 19. Qxf6 gxf6
20. Rb1 $36) 16. Qxe7 Nh7 $1 ({Ein sehr guter Verteidigungszug. Im Vergleich
zur Linie ohne a4-a6 ist nun} 16... Be6 17. Bxe6 fxe6 18. Qxe6+ Rf7 19. Qxf5 {
schlechter, da die schwarze Dame auf a2 nicht schlagen kann.}) 17. Rd8 Be6 18.
Rxa8 Bxc4 $1 ({Unangenehm ist natürlich} 18... Rxa8 19. Bxe6 fxe6 20. Qxe6+ Kh8
21. Qxf5 Qb4 22. Bg3 Qxa4 $14) 19. Rxf8+ Nxf8 20. Re1 (20. Rd1 Ng6 (20... Qxc2
$4 21. Qxf8+)) 20... Ng6 (20... Qxc2 21. Bg3) (20... g5 $2 21. Bxg5 hxg5 22.
Qxg5+ Ng6 23. Qxf5 $16) 21. Qe8+ Kh7 22. Bg3 Qxc2 {Schwarz besitzt 2 Bauern
für die Qualität und eine feste Stellung. Die Chancen sind verteilt.} 23. f3
Be6 (23... b5 24. axb5 axb5 $11) 24. Qb8 Qxa4 25. Qxb7 a5 26. Qa7 Qa3 (26...
Qb4 27. Ra1) 27. h4 (27. Qd4 Qb4) 27... Qb4 28. Ra1 (28. h5 Nf4) 1/2-1/2

[Event "EU-chT (Men) 16th"]
[Site "Heraklion"]
[Date "2007.11.06"]
[Round "9.1"]
[White "Palac, Mladen"]
[Black "Pelletier, Yannick"]
[Result "1/2-1/2"]
[WhiteElo "2579"]
[BlackElo "2609"]
[Annotator "Pelletier,Y"]
[PlyCount "63"]
[EventDate "2007.10.28"]
[EventType "team-swiss"]
[EventRounds "9"]
[EventCountry "GRE"]
[SourceTitle "CBM 121"]
[Source "ChessBase"]
[SourceDate "2007.11.14"]
[SourceVersion "1"]
[SourceVersionDate "2007.11.14"]
[SourceQuality "1"]
[WhiteTeam "Croatia"]
[BlackTeam "Switzerland"]
[WhiteTeamCountry "CRO"]
[BlackTeamCountry "SUI"]

1. e4 e6 2. d4 d5 3. Nc3 dxe4 4. Nxe4 Nd7 5. Nf3 Ngf6 6. Nxf6+ Nxf6 7. c3 c5 8.
Be3 cxd4 9. Bxd4 Qc7 10. Bb5+ {Diese Neuerung spielte Anand einpaar Wochen
zuvor gegen mich. In der Zwischenzeit geland es mir, eine Verstärkung zu
finden.} Bd7 11. Bxd7+ Qxd7 12. Ne5 Qb5 (12... Qd5 {geht schlecht wegen} 13.
Qa4+ b5 14. Qa6 Bd6 (14... Qe4+ 15. Kf1) 15. O-O-O $1 {und der weisse Druck
ist schrecklich.}) 13. a4 Qd5 14. Qe2 a6 ({Am Europa-Cup in Kemer spielte ich
gegen Anand} 14... Qe4 {, aber dieser sofortige Übergang ins Endspiel erwies
sich als unausreichend. Weiss stand nach} 15. a5 a6 16. f3 Qxe2+ 17. Kxe2 {
bequemer.}) 15. O-O Be7 16. Rfd1 ({Nach} 16. Rad1 {verfügt Schwarz auch noch
über} Qb3) 16... Qe4 {Der weisse König steht nicht mehr im Zentrum, das
Endspiel ist daher für den Nachziehenden besser im Vergleich zur Anand-Partie.}
17. Qxe4 (17. Qc4 O-O 18. Qc7 {bringt nichts ein. Schwarz kann mittels} Nd5 19.
Qxb7 Rfb8 $11 {die gegnerische Dame ewig verfolgen.}) 17... Nxe4 18. Nc4 ({
Stärker als} 18. f3 Nc5 $11) 18... Rg8 ({Vorzuziehen ist} 18... O-O 19. Bb6 (
19. f3 Nc5) 19... Nf6 $1 20. Na5 Nd5 21. Bd4 Rfc8 22. c4 Nb4 {, wonach Schwarz
kaum Probleme haben sollte.}) 19. Nb6 ({Stärker sieht} 19. Bb6 $5 {aus, um den
Bauern b7 zu fixieren und die d-Linie zu kontrollieren. Ich finde bereits
keinen klaren Ausgleich für Schwarz. Man sehe} Rc8 (19... Nf6 20. Nd6+ (20. Na5
Nd5 21. Bd4 O-O-O $11) 20... Bxd6 21. Rxd6 Ke7 22. Rd4 $1 (22. Bc5 $2 Ne4) (22.
Rad1 Rac8) 22... Rgc8 23. Ba5 $36) 20. Rd4 (20. Na5 Bc5) 20... Nc5 21. Nd6+
Bxd6 22. Rxd6 Ke7 23. Rad1 Nxa4 24. Rd7+ Kf6 25. Bd4+ e5 (25... Kg6 26. Rxb7
Rgd8 27. Ra1 $16) 26. Be3 Kg6 27. Rxb7 Rb8 28. Rdd7 Nxb2 29. Rxf7 Rxb7 30. Rxb7
$14 {[%csl Ge3]}) 19... Rd8 20. a5 f5 {Schwarz unterstützt seine stärkste
Figur und gewinnt Raum am Königsflügel.} (20... f6 21. Re1 f5 22. f3 Nc5 23.
Rad1 Kf7 24. Nc4 $36) (20... Nc5 21. Bxc5 Rxd1+ 22. Rxd1 Bxc5 23. Nc8 Be7 24.
b4 f6 25. Kf1 Kf7 26. Nd6+ Bxd6 27. Rxd6 Re8 (27... Ke7 $2 28. Rb6 Rb8 29. b5
$18) 28. c4 $14) 21. Kf1 (21. f3 Nc5 $11) (21. Nc4 Nd6 22. Ne5 Bf6 $11) 21...
g5 (21... Bf6 {wäre auch möglich:} 22. f3 Bxd4 23. cxd4 (23. Rxd4 Rxd4 24. cxd4
Nd2+) 23... Nf6 24. Rac1 Nd5 $11) 22. f3 (22. Nc4 Nc5 {[%cal Gc5b3]}) 22... Nf6
23. Be5 Kf7 24. Bc7 Rxd1+ 25. Rxd1 g4 {Das Schwarze Spiel am Königsflügel
kompensiert die weisse Kontrolle der d-Linie. Palac überlegte ziemlich lange,
fand aber keinen Plan, um seine Mehrheit am Damenflügel zur Geltung zu bringen.
} 26. b4 ({Oder} 26. f4 h5 27. Ke2 h4 28. c4 Ne4 29. Rd7 Nc5 30. Rd1 Ne4 {
und Weiss kommt nicht weiter}) 26... h5 27. Bg3 Rd8 28. Rxd8 Bxd8 29. Nc4 ({
Nach} 29. Nc8 Ne8 (29... Be7 $6 30. Bd6) 30. Be5 Bf6 {steht der Nc8 plötzlich
unglücklich.}) 29... Be7 30. Ke2 Nd5 31. Be5 Ke8 {Es war sicher genauer, auf
f3 zu schlagen. Während der Partie zögerte ich plötzlich, wie ich auf 32.fxg4
reagieren müsste. Mein Gegner spielte aber} 32. Kd3 {und bot Remis an.} ({Nach
} 32. fxg4 $5 {hätte ich vermutlich} fxg4 {gespielt, denn} (32... hxg4 {
erlaubt es dem Anziehenden, einen entfernten Freibauern mittels} 33. h3 gxh3
34. gxh3 {zu bilden. Trotzdem sollte Schwarz dank seiner Übermacht im Zentrum
das Gleichgewicht halten können, z.B:} Kd7 35. Kd3 Bh4 36. Nd2 Ne7 $1 (36...
Kc6 37. Nf3 Bf6 38. Bxf6 Nxf6 39. c4 $16) 37. Nf3 Ng6 $11) 33. Kd3 Kd7 $11 {
Der Zug fxg4 schenkt leider dem weissen König das Feld e4. Aber wie der
Anziehende dann weiterkommt, ist mir unklar.}) 1/2-1/2

[Event "EU-ch 11th"]
[Site "Rijeka"]
[Date "2010.03.08"]
[Round "3"]
[White "Navara, David"]
[Black "Pelletier, Yannick"]
[Result "0-1"]
[WhiteElo "2707"]
[BlackElo "2611"]
[Annotator "Pelletier,Y"]
[PlyCount "60"]
[EventDate "2010.03.06"]
[EventType "swiss"]
[EventRounds "11"]
[EventCountry "CRO"]
[SourceTitle "CBM 136"]
[Source "ChessBase"]
[SourceDate "2010.05.18"]
[SourceVersion "1"]
[SourceVersionDate "2010.05.18"]
[SourceQuality "1"]

1. e4 e6 2. d4 d5 3. Nc3 dxe4 4. Nxe4 Nd7 5. Nf3 Ngf6 6. Nxf6+ Nxf6 7. Bg5 h6
8. Be3 {Mit diesem System hat David Navara auch als Nachziehender Erfahrung.}
Bd6 (8... Nd5 {ist üblicher.}) 9. Bd3 b6 10. Ne5 O-O 11. Qf3 Nd5 12. O-O-O ({
Die Fesselung kann Weiß mittels} 12. c4 {nicht ausnützen:} Bxe5 13. dxe5 Nxe3)
({In der Begegnung Acs-Meier (Paks 2009), geschah} 12. g4 Bb7 13. Rg1 Nxe3 14.
Qxe3 (14. Qxb7 Nd5) 14... Qh4 15. O-O-O c5 {, was sich für Weiß als ungünstig
erwies.}) 12... Bb7 13. Bd2 $1 Qh4 $6 {Ich dachte über diesen Zug lange nach,
unterschätzte aber schließlich die Gefahren.} (13... c5 {gefiel mir nicht wegen
} 14. Nc4 {[%cal Gf3e4]} (14. Ng4 f5 $1 $13) {, da ich mich vom Läuferpaar
trennen muss. Trotzdem war es die richtige Wahl:} 14... Rb8 15. Nxd6 Qxd6 16.
dxc5 bxc5 (16... Qxc5 17. Qg3 $36) 17. Qg4 {Weiß hat bessere Perspektiven,
aber Schwarz kann am Damenflügel sein Spiel ebenfalls entwickeln.}) 14. Rhe1
Rad8 15. g3 $6 ({Auf} 15. Re4 $1 {wollte ich mit} Qf6 $6 {reagieren. Leider
entging mir, dass nach} 16. Qh3 $141 $16 {der Zug} Nb4 $141 $2 {wegen} 17. Ng4
Nxd3+ 18. cxd3 $18 {unmöglich ist. Weiß schlägt am Königsflügel nämlich zu.
Relativ vorsichtiger ist 15...Qe7, auch wenn Weiß einen gefährlichen Angriff
mittels 16.Qg3 behält.}) ({Es sei noch angemerkt, dass Schwarz nach} 15. Be4 $6
f5 $5 16. Ng6 fxe4 17. Qxf8+ Rxf8 18. Nxh4 Rxf2 {sogar besser steht!}) 15...
Qxd4 {Ich war nach h4 nicht ausgeflogen, um jetzt zurückzukommen ...} 16. Re4 (
16. Bg5 $6 {scheitert auf} Nc3 $1 $17) ({Nach} 16. Bxh6 {muss sich Schwarz von
seiner Dame trennen, erhält aber reichhaltiges Spiel:} Bxe5 17. Bh7+ Kxh7 18.
Rxd4 Bxd4 19. Bg5 f6 $1 (19... Bf6 $2 20. Bxf6 gxf6 21. Re4 $36) 20. Bd2 Kg8
$17) 16... Qc5 17. Bxh6 $2 {Diese Opferserie wird kaltblütig widerlegt.} ({
Der Angriff musste noch mit} 17. Ng4 {vorbereitet werden (17.Rc4?! Nb4!).
Schwarz muss jetzt} f5 {ziehen} (17... h5 $2 18. Nh6+ gxh6 19. Bxh6 f5 20. Qxh5
Rf6 21. Rh4 $18) {, es folgt aber} 18. Nxh6+ $1 (18. Rc4 fxg4 19. Qe4 {sieht
sehr gut aus, aber nach} Qxf2 20. Qh7+ Kf7 21. Rxg4 {[%csl Rg7][%cal Gd1f1]}
Ke8 22. Rxg7 Ne7 {sollte sich Weiß mit einem überraschenden Dauerschach
begnügen:} 23. Bg5 $5 hxg5 24. Rxe7+ Bxe7 25. Bg6+ Rf7 26. Qg8+ Bf8 27. Bxf7+
Ke7 28. Qxg5+ Kxf7 29. Rxd8 Bc6 30. Qh5+ Ke7 31. Qg5+ Kf7 $11) 18... gxh6 19.
Rc4 Nf4 $1 (19... Nb4 $6 20. Qh5 Qe5 21. Bxb4 $36) 20. Qxb7 Nxd3+ 21. cxd3 Qxf2
22. Bxh6 Rf7 $13 {Die Stellung bleibt kompliziert, sieht aber für Schwarz
nicht schlechter aus.}) 17... Nb4 ({Den Computerzug} 17... Nc3 $5 {übersah ich
selbstverständlich!}) ({Wichtig war aber, die folgende Falle zu vermeiden:} 
17... Nf6 $2 18. Qxf6 $1 gxf6 $2 (18... Qxe5 $1 {ist noch halbwegs spielbar})
19. Rg4+ Kh8 20. Bg7+ Kg8 21. Bxf6#) 18. Bxg7 ({Die Alternativen sind kaum
besser:} 18. Qf4 Nxd3+ 19. Rxd3 Bxe4 $19) ({oder} 18. Qg4 Bxe5 19. Rxb4 f5 $19)
(18. Qf6 {geschieht jetzt in der Leere und scheitert an} Bxe5 19. Rxe5 gxf6 $19
) 18... Bxe4 19. Qxe4 (19. Bxe4 Bxe5 20. Bxf8 Nxa2+ 21. Kb1 Rxd1+ 22. Qxd1 Qb5
$1 $19) 19... f5 20. Qf4 (20. Qh4 Bxe5 {ändert nichts.}) 20... Bxe5 21. Bxe5
Rxd3 (21... Nxd3+ $2 {erlaubt Weiß eine schöne Rettung:} 22. Rxd3 Rxd3 23. Qg5+
Kf7 24. Qf6+ Ke8 25. Qxe6+ Kd8 26. b4 $1 $13) 22. Qg5+ Kf7 23. Qf6+ Ke8 24.
Qxe6+ Kd8 25. Bf6+ Rxf6 26. Qxf6+ Kc8 27. Qe6+ Kb7 28. Qe2 Nxa2+ 29. Kb1 Rxd1+
(29... Ra3 $5 $19) 30. Qxd1 Nb4 0-1

[Event "Portoroz/Nova Gorica"]
[Site "Portoroz"]
[Date "1991.??.??"]
[Round "?"]
[White "Polgar, Judit"]
[Black "Khalifman, Alexander"]
[Result "1-0"]
[WhiteElo "2540"]
[BlackElo "2640"]
[Annotator "Polgar,J"]
[PlyCount "100"]
[EventDate "1991.??.??"]
[EventType "schev"]
[EventRounds "3"]
[EventCountry "SLO"]
[SourceTitle "CBM 024"]
[Source "ChessBase"]
[SourceDate "1991.10.01"]
[SourceVersion "1"]
[SourceVersionDate "1991.10.01"]
[SourceQuality "1"]

1. e4 e6 2. d4 d5 3. Nc3 dxe4 4. Nxe4 Bd7 5. Nf3 Bc6 6. Bd3 Nd7 (6... Bxe4 7.
Bxe4 c6 8. O-O Nf6 9. Bd3 Nbd7 10. c4 Be7 11. Bf4 O-O 12. Bc2 Qa5 13. Qd3 Qh5
$6 14. Rfe1 Rad8 15. h3 Rfe8 16. Ne5 $14 {Arachamia,K.-Hansen,L.-B. ,Biel 1991.
}) 7. Qe2 Ngf6 8. Ng3 (8. Nxf6+ Nxf6 9. c3 $14) 8... Be7 9. Bd2 Bxf3 (9... O-O
10. Ne5 (10. O-O-O $14) 10... Nxe5 11. dxe5 Nd7 12. O-O-O Nc5 13. Bf4 Qe8 14.
Nh5 f5 15. exf6 Bxf6 16. Nxf6+ Rxf6 17. Be5 $14 {Sherzer,A.-Hodgson,J.,
Philadelphia 1990.}) 10. Qxf3 c5 11. dxc5 O-O (11... Nxc5 12. Bb5+ Nfd7 13. b4
a6 14. Be2 Na4 15. Qxb7 $16) (11... Bxc5 12. O-O-O O-O 13. Bc3 $40) 12. b4 (12.
O-O-O $2 Ne5) 12... a5 13. bxa5 Nxc5 14. O-O Nxd3 15. cxd3 Qd7 16. Rab1 Nd5 17.
a4 Qxa4 (17... Rfc8 $5 18. Rb5 Rc2 19. Be1 $14) 18. Rxb7 Bd8 (18... Qc2 $5) 19.
Nh5 Bxa5 (19... g6 20. Bh6 Qc6 21. Rfb1) 20. Bh6 $1 Bc3 21. Qg3 g6 (21... Qa1
$2 22. h3 $18) 22. Bxf8 Rxf8 23. Rb8 Qa7 $6 (23... Bb4 $1 24. d4 Rxb8 25. Qxb8+
Bf8 26. Ng3 Qxd4 $14) 24. Rfb1 h6 25. Rxf8+ Kxf8 26. Qd6+ Kg8 27. Qb8+ Qxb8 28.
Rxb8+ Kh7 29. Ng3 g5 30. Ne2 Be5 31. Re8 Kg6 32. h3 Nf6 33. Rc8 Nd5 34. Kf1 Kf5
35. Rf8 (35. g4+ $5 $16) 35... Kg6 36. Ke1 $6 (36. g4) 36... h5 37. Kd2 g4 38.
h4 Nf4 39. d4 Bc7 40. Nxf4+ Bxf4+ 41. Kd3 Bd6 42. Rg8+ Kh7 43. Rg5 Kh6 44. g3
Be7 45. Rb5 Kg6 46. Ke4 Bf6 47. Rb6 Kg7 {Now the winning plan is:48.Rd6 Kg6 49.
Rd7 Kg7 50.d5 ed5 51.Rd5 Kg6 52.Rd6 Kg7 53.Kf5 Be7 54.Rd5 Bf6 55.Rd7 zugzwang.
Or 49.Rc6 Kg7 50.d5 ed5 51.Kd5 Ba1 52. Ke4 Bb2 53.Kf5 Bd4 54.Kg5 Bf2 55.Rc3
wins too.} 48. d5 exd5+ 49. Kxd5 Bc3 50. Ke4 Be1 1-0